Datum a čas kvízu

16 Celkem bodů Celkový počet nahraných bodů na tomto kvízu bez doplňovacích otázek.
7. Pořadí na kvízu Konečné umístění týmu na tomto kvízu.

Zaznamenané odpovědi

# Otázka Odpověď Body Výsledky
1. Premiér Fiala se při své návšt... Horáková 0
2. Ve které evropské zemi vyhrála... v Chorvatsku 0
3. Ve čtvrtek proběhlo předávání... Hella, Alena Machoninová 1
4. Abstraktní obraz Conception/Da... František Kupka 0
5. Ligová fotbalová asociace zveř... Chance 0
6. Jihoafrická republika má de fa... Kapské město; Bloemfontein 0
7. Chemický prvek hafnium dostal... o Kodaň 0
8. Zatímco některé země mají hlav... o Nauru 0
9. Které malebné a nepříliš lidna... Lublaň 0
10. Kazachstán drží rekord v přejm... Astana; Nur-Sultan 0.5